Fr. Conceicao Rodrigues College of Engineering

Power electronics:Devices (Record no. 24024)

MARC details
000 -LEADER
fixed length control field 00355nam a2200169Ia 4500
082 ## - DEWEY DECIMAL CLASSIFICATION NUMBER
Item number ALO
100 ## - MAIN ENTRY--PERSONAL NAME
Personal name Alok/Jain
245 ## - TITLE STATEMENT
Title Power electronics:Devices
260 ## - PUBLICATION, DISTRIBUTION, ETC.
Name of publisher, distributor, etc. Penram international
Date of publication, distribution, etc. 2010
366 ## - TRADE AVAILABILITY INFORMATION
Publishers's discount category 25
300 ## - PHYSICAL DESCRIPTION
Extent 504
546 ## - LANGUAGE NOTE
Language note ENGLISH
650 ## - SUBJECT ADDED ENTRY--TOPICAL TERM
Topical term or geographic name entry element Power electronics
654 ## - SUBJECT ADDED ENTRY--FACETED TOPICAL TERMS
Focus term power electronics
942 ## - ADDED ENTRY ELEMENTS (KOHA)
Koha item type BOOK
Holdings
Withdrawn status Lost status Damaged status Not for loan Collection Home library Current library Date acquired Source of acquisition Cost, normal purchase price Inventory number Total Checkouts Full call number Barcode Date last seen Cost, replacement price Price effective from Koha item type
        CRC Fr. Agnel's C.Rodrigues College of Engineering Fr. Agnel's C.Rodrigues College of Engineering 17/03/2023 Allied Publishers 243.75 778 dt 15.03.2019   ALO 25596 17/03/2023 325.00   BOOK